000 00445cam a22001097a 4500
008 180718b1980 xxu||||| |||| 00| 0 eng d
082 _aG5x5452 T152/1979
245 _aThe Tamil Nadu Legislative Assembly rules under clause (1) of article 208 of the Constitution
_cby Legislative Assembly Department, Tamil Nadu
260 _aMadras
_bLegislative Assembly Department
_c1980
300 _a133+p
700 _aTamil Nadu. Legislative Assembly Department
999 _c491047
_d491047